Prodigios de la luz (Record no. 7281)

MARC details
000 -CABECERA
campo de control de longitud fija 00888nam a2200229 a 4500
001 - NÚMERO DE CONTROL
campo de control BRCA_7607
005 - FECHA Y HORA DE LA ÚLTIMA TRANSACCIÓN
campo de control 20190320205917.0
008 - DATOS DE LONGITUD FIJA--INFORMACIÓN GENERAL
campo de control de longitud fija 270613s2013----mx-a######---#000-0#spa-#
020 ## - NÚMERO INTERNACIONAL ESTÁNDAR DEL LIBRO
Número Internacional Estándar del Libro 9786076052099
041 ## - CÓDIGO DE LENGUA
Código de lengua del texto/banda sonora o título independiente spa
044 ## - CÓDIGO DEL PAÍS DE LA ENTIDAD EDITORA/PRODUCTORA
Código MARC del país mx
050 #4 - SIGNATURA TOPOGRÁFICA DE LA BIBLIOTECA DEL CONGRESO
Número de clasificación ND813.S6
Número de documento/Ítem .P76 2013
245 10 - MENCIÓN DE TÍTULO
Título Prodigios de la luz
Resto del título Sorolla y sus contemporáneos.
260 ## - PUBLICACIÓN, DISTRIBUCIÓN, ETC.
Lugar de publicación, distribución, etc. México
Nombre del editor, distribuidor, etc. Instituto Nacional de Bellas Artes y Literatura
Fecha de publicación, distribución, etc. 2013
300 ## - DESCRIPCIÓN FÍSICA
Extensión 79 p.
Otras características físicas il. a color
Dimensiones 34 cm.
Material acompañante/anejo 2 cuadrípticos y 3 invitaciones
500 ## - NOTA GENERAL
Nota general Catálogo de la exposición realizada en el Museo Nacional de San Carlos (Ciudad de México) marzo, 2013
500 ## - NOTA GENERAL
Nota general Incluye pieza de la colección Franz Mayer: p. 65
500 ## - NOTA GENERAL
Nota general 1 ejemplar en Biblioteca, 1 en el Área de Investigación y 1 en Oficina Jefatura
600 14 - PUNTO DE ACCESO ADICIONAL DE MATERIA--NOMBRE DE PERSONA
Nombre de persona Sorolla, Joaquín
Fechas asociadas al nombre 1863-1923
9 (RLIN) 11937
650 14 - PUNTO DE ACCESO ADICIONAL DE MATERIA--TÉRMINO DE MATERIA
Término de materia o nombre geográfico como elemento de entrada Pintores españoles
9 (RLIN) 7620
942 ## - ELEMENTOS DE PUNTO DE ACCESO ADICIONAL (KOHA)
Fuente del sistema de clasificación o colocación Library of Congress Classification
Tipo de ítem Koha Libros
Holdings
Estado de retiro Estado de pérdida Estado dañado No para préstamo Localización permanente Ubicación/localización actual Fecha de adquisición Total de préstamos Signatura topográfica completa Código de barras Fecha visto por última vez Precio válido a partir de Tipo de ítem Koha Código de colección
El ejemplar forma parte de la colección y puede ser consultado según las políticas vigentes.       Biblioteca del Museo Franz Mayer (Rogerio Casas-Alatriste) Biblioteca del Museo Franz Mayer (Rogerio Casas-Alatriste) 27/06/2013   ND813.S6 .P76 2013 02760 22/03/2019 22/03/2019 Libros  
El ejemplar forma parte de la colección y puede ser consultado según las políticas vigentes.       Biblioteca del Museo Franz Mayer (Rogerio Casas-Alatriste) Biblioteca del Museo Franz Mayer (Rogerio Casas-Alatriste) 21/08/2013   ND813.S6 .P76 2013 02765 22/03/2019 22/03/2019 Libros Acervo General
El ejemplar forma parte de la colección y puede ser consultado según las políticas vigentes.       Biblioteca del Museo Franz Mayer (Rogerio Casas-Alatriste) Biblioteca del Museo Franz Mayer (Rogerio Casas-Alatriste) 30/04/2015   ND813.S6 .P76 2013 02869 22/03/2019 22/03/2019 Libros Acervo General